00352nam a2200133Ia 4500008004100000041001200041082001800053100001600071245005400087260003300141300000800174650001800182700001800200221030s9999 xx 000 0 und d aEnglish a105.23bSingh aB. P. Singh 0aGeneral Managementcby B. P. Singh, T. N. Chhabra bDhanpat Rai PubaDelhic1994 a499 aBE Management aT. N. Chhabra